Wszystkie linie MPK we Wrocławiu - Statystyki

Ogólne statystyki
  • Ten quiz został rozwiązany 360 razy
    351 od ostatniego zresetowania
  • Średni wynik to 104 z 192
Statystyki odpowiedzi
Linie Pętla 1 i 2 % Poprawnych
21 Gaj
85%
18 Gaj
84%
2 Krzyki
83%
6 | A Krzyki
81%
3 | 10 Leśnica
81%
14 | 107 | 112 | +3 others Krzyki
80%
1 | 2 | 4 Biskupin
79%
20 Leśnica
79%
10 Biskupin
78%
101 | 117 | 123 | +5 others Leśnica
78%
8 Tarnogaj
78%
9 Sępolno
77%
16 Tarnogaj
77%
12 Sępolno
76%
22 | 136 Tarnogaj
76%
17 | 118 | 143 | 145 Sępolno
75%
253 | 255 Sępolno
74%
4 | 11 Oporów
71%
7 | 17 Klecina
70%
20 Oporów
70%
3 Księże Małe
69%
132 | 257 Oporów
69%
112 | 113 | 250 Dworzec Główny
68%
126 | 136 | 246 Kozanów
68%
5 Księże Małe
68%
1 Poświętne
66%
6 | 11 | 105 Kromera
65%
9 Park Południowy
65%
7 | 15 Poświętne
65%
23 Kowale
64%
132 Kromera
64%
116 Plac Grunwaldzki
64%
242 Kowale
63%
15 Park Południowy
63%
149 | 315 Plac Grunwaldzki
63%
19 Zoo
63%
110 | 114 | 120 Galeria Dominikańska
62%
110 | 145 | 255 Iwiny Rondo
62%
14 | 16 Osobowice
60%
124 Księże Wielkie
59%
N Litewska
59%
8 Karłowice
58%
134 | 243 Księże Wielkie
58%
131 | 150 | 251 Litewska
58%
111 Osiedle Sobieskiego
58%
106 Port Lotniczy
58%
125 Brochów
57%
100 | 146 | K Gaj Pętla
57%
13 | 23 | 124 | 128 Nowy Dwór P+R
57%
130 | D Osiedle Sobieskiego
57%
129 | 206 Port Lotniczy
57%
133 Brochów
56%
134 | 241 Nowy Dwór P+R
56%
150 Osiedle Sobieskiego
56%
13 Stadion Olimpijski
56%
22 Pilczyce
55%
345 Stadion Olimpijski
54%
122 | 206 | 240 Dworzec Autobusowy
53%
18 | 21 | 152 Tarczyński Arena Królewiecka
53%
111 Kminkowa
51%
146 Bartoszowice
50%
5 Grabiszyńska cmentarz
49%
143 | 244 Kminkowa
49%
12 Kozanów Dokerska
49%
N Petrusewicza
48%
115 Reja
48%
100 Mokry Dwór
47%
242 | 244 Petrusewicza
47%
103 | 107 | 245 Pracze Odrzańskie
47%
121 | 131 | 151 Reja
47%
116 Sołtysowice
46%
D Giełdowa Centrum Hurtu
45%
A Koszarowa Szpital
45%
119 | 246 Sołtysowice
45%
247 Giełdowa Centrum Hurtu
44%
319 | K Kamieńskiego Pętla
42%
108 Dworzec Nadodrze
41%
101 Kwiska
41%
130 Polanowice
41%
127 | 144 Zwycięska
41%
102 | 103 Plac Jana Pawła II
40%
144 | 247 Polanowice
40%
118 Rędzin
40%
259 Zwycięska
40%
257 Rędzin
39%
115 Wojnów pętla
39%
114 | 245 Bieńkowice
38%
149 Kuźniki
38%
259 Wojnów Pętla
38%
128 Zakrzów
38%
127 Kozia
37%
106 Dworzec Główny Dworcowa
36%
148 Dworzec Główny Dworcowa
35%
105 Świniary
35%
19 Górnicza
33%
142 | 249 Jarnołtów
32%
315 Swojczyce
31%
119 | 248 Racławicka
30%
102 Kosmonautów Szpital
29%
126 Wojszycka
29%
142 Paprotna
28%
152 Blacharska
27%
121 Kiełczowska cmentarz
27%
151 | 241 Pawłowice Widawska
26%
129 Poświęcka Ośrodek Zdrowia
26%
122 Muchobór Wielki Roślinna
25%
248 Poświęcka Ośrodek Zdrowia
25%
125 Tyniecka Pętla
25%
310 Vivaldiego
25%
319 Klecina Stacja Kolejowa
24%
123 Metalowców
24%
108 Pracze Widawskie
23%
117 Ratyń
23%
138 Żar
23%
147 Kłokoczyce
22%
120 Trestno Pętla
22%
104 Rędzińska
21%
104 Ślazowa
21%
147 Mulicka
20%
137 Las Mokrzański
19%
133 ROD Bielany
19%
310 Parafialna
14%
Nie znaleziono quizów pasujących do podanych kryteriów
Rozkład punktacji
Procent ludzi z każdym wynikiem
Percentyl według liczby udzielonych odpowiedzi
Twoja historia wyników
Nie rozwiązałeś tego quizu od ostatniego zresetowania